Focus sur: Norbert - Harry Potter - Statistiques

Statistiques générales
  • Ce quiz a été pris 132 fois
  • Le résultat moyen est 5 sur 6
Statistiques - réponses
Informations recherchées Réponses % Correct
Première mention Harry Potter à l'école des sorciers
97%
Espèce Dragon
95%
Maître Rubeus Hagrid
89%
Lieu de rencontre avec Harry Potter Poudlard
76%
Sous espèce Norvégien à crête
51%
Nouveau nom Norberta
42%
Aucun quiz correspondant
Distribution des résultats
% des personnes avec chaque résultat
Percentile par nombre de réponses
Votre historique - résultats
Vous n’avez pas pris ce quiz